[Event "SVK-ch U14"]
[Site "Liptovsky Mikulas"]
[Date "2016.04.19"]
[Round "5"]
[White "Sivicek, Filip"]
[Black "Vlcek, Adam"]
[Result "1-0"]
[WhiteElo "1207"]
[BlackElo "1334"]
[PlyCount "163"]
[EventDate "2016.04.16"]
[EventType "swiss"]
[EventRounds "9"]
[EventCountry "SVK"]
[SourceTitle "CBM 172 Extra"]
[Source "ChessBase"]
[SourceDate "2016.06.21"]
[SourceVersion "1"]
[SourceVersionDate "2016.06.21"]
[SourceQuality "1"]

1. f4 b6 2. Nf3 Bb7 3. g3 Nf6 4. Bg2 d6 5. 0-0 Nbd7 6. d4 e6 7. Nc3 c5 8. Be3 Qc7 9. Nb5 Qb8 10. c4 d5 11. b3 cxd4 12. Bxd4 Be7 13. Be5 Nxe5 14. Nxe5 Bd6 15. Nxd6+ Qxd6 16. cxd5 Bxd5 17. e4 Qc5+ 18. Kh1 Bb7 19. Rc1 Qe7 20. Qc2 0-0 21. Qc7 Qxc7 22. Rxc7 Ba6 23. Re1 h6 24. h3 g6 25. Rd1 Be2 26. Rd2 Bb5 27. a4 Ba6 28. Nd7 Nxd7 29. Rdxd7 Bc8 30. Rd6 Ba6 31. e5 Rfc8 32. b4 Rxc7 33. Bxa8 Bb7+ 34. Bxb7 Rxb7 35. Rd4 b5 36. a5 Rc7 37. Rd8+ Kg7 38. Rb8 a6 39. Rb6 Rc4 40. Rxa6 Rxb4 41. Rb6 Rb1+ 42. Kg2 b4 43. a6 Ra1 44. Rxb4 Rxa6 45. Rb3 Ra2+ 46. Kf3 Rh2 47. h4 g5 48. fxg5 hxg5 49. Rb4 Kg6 50. Rg4 f5 51. exf6 Kxf6 52. Rxg5 e5 53. Rg8 Kf7 54. Ra8 Kf6 55. Re8 Ra2 56. Rg8 Kf7 57. Rg4 Ra3+ 58. Kg2 Ra2+ 59. Kf3 Ra3+ 60. Ke4 Kf6 61. h5 Ra4+ 62. Kf3 Ra3+ 63. Ke2 Ra2+ 64. Kd3 Rh2 65. Rg6+ Kf7 66. g4 Rh3+ 67. Ke4 Ra3 68. Kxe5 Ra5+ 69. Kd4 Ra4+ 70. Kc5 Ra1 71. Kd5 Ra5+ 72. Kd4 Ra4+ 73. Ke3 Ra1 74. g5 Ra5 75. Rf6+ Kg7 76. h6+ Kh7 77. Rf7+ Kg6 78. Rg7+ Kf5 79. h7 Ra3+ 80. Kd2 Ke4 81. h8Q Ra2+ 82. Kc3 1-0

[Event "SVK-ch U14"]
[Site "Liptovsky Mikulas"]
[Date "2016.04.18"]
[Round "4"]
[White "Vlcek, Adam"]
[Black "Matis, Daniel"]
[Result "0-1"]
[WhiteElo "1334"]
[BlackElo "1590"]
[PlyCount "88"]
[EventDate "2016.04.16"]
[EventType "swiss"]
[EventRounds "9"]
[EventCountry "SVK"]
[SourceTitle "CBM 172 Extra"]
[Source "ChessBase"]
[SourceDate "2016.06.21"]
[SourceVersion "1"]
[SourceVersionDate "2016.06.21"]
[SourceQuality "1"]

1. e4 e5 2. Nf3 Nc6 3. d4 exd4 4. Nxd4 Bc5 5. Be3 Qf6 6. c3 a6 7. Bc4 Nge7 8. 0-0 0-0 9. f4 d6 10. Qd3 Be6 11. Bxe6 fxe6 12. Nxc6 Bxe3+ 13. Qxe3 Nxc6 14. Nd2 Qh6 15. Rf3 Rf7 16. Nb3 Raf8 17. g3 e5 18. Raf1 Qe6 19. f5 Qc4 20. Qd3 Qa4 21. Qb1 Na5 22. Nxa5 Qxa5 23. a3 d5 24. Qd3 dxe4 25. Qxe4 Qb6+ 26. R3f2 Rxf5 27. Qe2 Rxf2 28. Rxf2 Qxf2+ 29. Qxf2 Rxf2 30. Kxf2 Kf7 31. Ke3 Ke6 32. Ke4 Kd6 33. b3 Ke6 34. c4 b6 35. b4 c6 36. a4 g6 37. h3 Kf6 38. g4 h5 39. gxh5 gxh5 40. h4 b5 41. cxb5 cxb5 42. a5 Ke6 43. Ke3 Kd5 44. Kd3 e4+ 0-1

[Event "SVK-ch U14"]
[Site "Liptovsky Mikulas"]
[Date "2016.04.16"]
[Round "1"]
[White "Antal, Jakub"]
[Black "Vlcek, Adam"]
[Result "1-0"]
[WhiteElo "1722"]
[BlackElo "1334"]
[PlyCount "65"]
[EventDate "2016.04.16"]
[EventType "swiss"]
[EventRounds "9"]
[EventCountry "SVK"]
[SourceTitle "CBM 172 Extra"]
[Source "ChessBase"]
[SourceDate "2016.06.21"]
[SourceVersion "1"]
[SourceVersionDate "2016.06.21"]
[SourceQuality "1"]

1. e4 e5 2. Nf3 Nc6 3. Bc4 Nf6 4. d3 Bc5 5. 0-0 d6 6. c3 0-0 7. Nbd2 d5 8. exd5 Nxd5 9. Ne4 Bb6 10. Re1 Re8 11. Nfg5 Be6 12. Qh5 h6 13. Nh3 Nf6 14. Nxf6+ Qxf6 15. Bxe6 Qxe6 16. Be3 Bxe3 17. Rxe3 Qg6 18. Qxg6 fxg6 19. Rae1 Kf7 20. Kf1 g5 21. f3 Rad8 22. Nf2 g6 23. Ng4 a6 24. Nxh6+ Kg7 25. Ng4 Kf7 26. Ke2 b6 27. Kd2 Re7 28. Nxe5+ Nxe5 29. Rxe5 Red7 30. Kc2 Rxd3 31. Re7+ Kf6 32. R1e6+ Kf5 33. g4+ 1-0